| 000 | 00550nam a2200205Ia 4500 | ||
|---|---|---|---|
| 005 | 20250425162833.0 | ||
| 008 | 250425s9999 xx 000 0 und d | ||
| 020 | _a9780133489798 | ||
| 082 |
_a629.895 _pCRA |
||
| 100 | _aCraig, Jhon | ||
| 245 | 0 |
_aIntroductions to robotics mechanics and control _cJohn Craig |
|
| 250 | _aFouth edition | ||
| 260 |
_aNew York _bPearson _c2018 |
||
| 300 |
_a438 páginas _bgráficos _c24 cm. |
||
| 500 | _aIncluye index | ||
| 650 | _aRobótica | ||
| 902 |
_aLibro _cImpreso |
||
| 942 | _c01 | ||
| 010 | _a112160 | ||
| 999 |
_c237434 _d237434 |
||